| 000 | 00477nam a2200145Ia 4500 | ||
|---|---|---|---|
| 008 | 220216s9999 xx 000 0 und d | ||
| 100 | _aTjakrawerdaja S | ||
| 245 | 0 | _aAssisted replanting programme and group coagulation centres for smallhloder rubber in Indonesia | |
| 260 | _bProceedings of the International Rubber Conference, Kuala Lumpur. V.3, 1975; p424-434 | ||
| 650 | _aIndonesia | ||
| 650 | _aReplanting | ||
| 650 | _aRubber | ||
| 650 | _aSmallholder | ||
| 942 | _cJS | ||
| 999 |
_c54565 _d54565 |
||